000 00249nam a2200097Ia 4500
001 712174
005 20250826162822.0
008 250824s9999 xx 000 0 und d
245 0 _aKINDA DURAN ONUR PASLANIR
_cNİHAT BEHRAM
260 _bEVEREST YAYINLARI
999 _c712174
_d712174